Pohádky o domovních znameních /

Pohádky o tom, jak a proč vznikla domovní znamení v jedné staré ulici v jednom starém městě.

Main Author: Teper, Jiří, 1954-
Other Authors: Tachezy, Andrea, 1966-
Language: Czech
Published: V Praze : Albatros, 2021
Edition: 1. vydání
Subjects:
Physical Description: 67 stran : barevné ilustrace ; 24 cm
Book
Saved in:
LEADER 01792nam a2200493 i 4500
001 nkc20213322686
003 CZ PrNK
005 20210714160356.0
007 ta
008 210506s2021 xr a b 000 j cze
015 |a cnb003322686 
020 |a 978-80-00-06149-8  |q (vázáno) :  |c Kč 299,00 
035 |a (OCoLC)1263270396 
040 |a ABG001  |b cze  |e rda 
072 7 |a 821.162.3-3  |x Česká próza  |2 Konspekt  |9 25 
072 7 |a 821-93  |x Literatura pro děti a mládež (beletrie)  |2 Konspekt  |9 26 
080 |a 821.162.3-34  |2 MRF 
080 |a 821-93  |2 MRF 
080 |a 929.624.8  |2 MRF 
080 |a (0:82-34)  |2 MRF 
100 1 |a Teper, Jiří,  |d 1954-  |7 jo2001100131  |4 aut 
245 1 0 |a Pohádky o domovních znameních /  |c Jiří Teper ; ilustrovala Andrea Tachezy 
250 |a 1. vydání 
264 1 |a V Praze :  |b Albatros,  |c 2021 
300 |a 67 stran :  |b barevné ilustrace ;  |c 24 cm 
336 |a text  |b txt  |2 rdacontent 
336 |a statický obraz  |b sti  |2 rdacontent 
337 |a bez média  |b n  |2 rdamedia 
338 |a svazek  |b nc  |2 rdacarrier 
520 2 |a Pohádky o tom, jak a proč vznikla domovní znamení v jedné staré ulici v jednom starém městě. 
521 8 |a Pro čtenáře od 7 let 
650 0 7 |a domovní znamení  |7 ph119546  |2 czenas 
650 0 9 |a house marks  |2 eczenas 
655 7 |a české pohádky  |7 fd133970  |2 czenas 
655 7 |a publikace pro děti  |7 fd133156  |2 czenas 
655 9 |a Czech fairy tales  |2 eczenas 
655 9 |a children's literature  |2 eczenas 
700 1 |a Tachezy, Andrea,  |d 1966-  |7 jn20000402331  |4 ill 
910 2 |a BOA001  |b 2-1465.227 
928 9 |a Albatros Media - Albatros 
990 |a BK 
995 |a 01 
991 |b 202106  |c NOV 
996 6 |b 2610865828  |c 2-1465.227  |l MZK  |r Sklad / do 1 hodiny  |n 0  |p p.v.  |w 001852439  |u 000010  |a 1  |e BOA001  |j MZK50  |s P